00774nas a2200265 4500001001300000003000900013005001700022007000300039008003400042040005400076041000900130072000800139100002400147100002100171100001600192100001900208245008600227650002500313650001500338650002100353650001100374650001000385650001700395773009600412BR2011001936BR-BrBNA20231205114923.0ta230509b bl.|||p| |||| 00| 00por d aBR-BrBNAbporcBiblioteca Nacional de Agricultura a(Pt) aM121 aOliveira, R.H.F. de1 aSilva, E.M.P. da1 aBueno, R.S.1 aBarone, A.A.C.1 aO extrato de maracujá sobre a morfometria de hepatócitos da tilápia do Nilo aTILÁPIA NILÓTICA aMARACUJÁ aPLANTA MEDICINAL aSTRESS aDIETA aPISCICULTURA0 tCiência Rural (Brazil)xISSN 0103-8478 g(Dec 2010), v. 40(12) p. 2562-2567wBR2011001936